Harmonic maps of manifolds with boundary
Saved in:
| Main Author: | |
|---|---|
| Format: | Book |
| Language: | English |
| Published: |
Berlín
Springer-Verlag
1975
|
| Series: | Lecture Notes in Mathematics, 471
|
| Subjects: | |
| Tags: |
Add Tag
No Tags, Be the first to tag this record!
|
MARC
| LEADER | 00000nam a2200000 a 4500 | ||
|---|---|---|---|
| 001 | UCP1281 | ||
| 003 | CL-VaPUC | ||
| 008 | 990401e19750000GW |||||||||||||||||eng|d | ||
| 082 | 0 | 4 | |a 515.223 |b HAM |2 21 |
| 100 | 0 | |a Hamilton, Richard S |e author |9 427230 | |
| 245 | 1 | 0 | |a Harmonic maps of manifolds with boundary |
| 300 | |a 168 p | ||
| 942 | |c BK | ||
| 945 | |d 19990401 00:00:00 |a crobeson | ||
| 260 | |a Berlín |b Springer-Verlag |c 1975 | ||
| 650 | 0 | |a Análisis global |9 423989 | |
| 650 | 7 | |a MULTIFORMES |2 CL-VaPUC |9 424011 | |
| 650 | 7 | |a ESPACIOS DE FUNCION |2 CL-VaPUC |9 425982 | |
| 583 | |a last modification |c 19990401 00:00:00 |k Rodrigo Vera | ||
| 490 | 0 | |a Lecture Notes in Mathematics, 471 | |
| 999 | |c 279975 |d 279973 | ||
| 952 | |0 0 |1 0 |4 0 |6 515_223000000000000_HAM_1975 |7 0 |8 A |9 319925 |a BIBMAT |b BIBMAT |d 2019-11-20 |i 1334441 |o 515.223 HAM 1975 |p 1334441 |r 2025-01-07 |w 2019-11-20 |y BK |k MAT | ||